10 Países Asiáticos con el Mayor Número de Turistas - Estadísticas

Estadísticas generales
  • Esta prueba ha sido intentada 3.492 veces
  • La puntuación promedio es 8 de 10
Estadísticas de respuestas
# de turistas País % Correcto
59.3 M China
100%
24.0 M Japón
99%
14.6 M India
96%
17.2 M Corea del Sur
91%
32.6 M Tailandia
90%
≈ 30 M Turquía
74%
18.0 M Arabia Saudita
72%
26.8 M Malasia
72%
14.9 M Emiratos Árabes Unidos
70%
12.9 M Singapur
64%
No se encontraron pruebas coincidentes
Distribución de puntuación
Porcentaje de gente con cada puntuación
Porcentaje por número respondido
Historial de tus puntuaciones
No has intentado esta prueba.